Statistics for Hovedsteder i Oseania

Click here to take the quiz!

General Stats

  • This quiz has been taken 136 times
  • The average score is 7 of 14

Answer Stats

HintAnswer% Correct
AustraliaCanberra
100%
New ZealandWellington
88%
Papua Ny-GuineaPort Moresby
65%
VanuatuPort Vila
59%
FijiSuva
53%
TongaNuku'alofa
47%
SamoaApia
41%
TuvaluFunafuti
41%
SolomonøyeneHoniara
41%
Mikronesia FøderasjonenPalikir
35%
KiribatiSouth Tarawa
35%
NauruYaren
35%
MarshalløyeneMajuro
29%
PalauMelekeok
18%

Score Distribution

Percentile by Number Answered

Percent of People with Each Score

Your Score History

You have not taken this quiz